[Event "IECC M-5473"]
[Site "IECC email"]
[Date "2006.04.25"]
[Round "?"]
[White "Richards, Stephen"]
[Black "Robertson, John"]
[Result "1-0"]
[WhiteElo "1169"]
[BlackElo "884"]
[PlyCount "85"]
[EventDate "2006.??.??"]
[EventType "tourn (corr)"]
[EventRounds "10"]
[SourceTitle "Corr 2020"]
[Source "ChessBase"]
[SourceDate "2019.09.30"]
[SourceVersion "1"]
[SourceVersionDate "2019.09.30"]
[SourceQuality "1"]
[WhiteTeam "Australia"]
[BlackTeam "Australia"]
[WhiteTeamCountry "AUS"]
[BlackTeamCountry "AUS"]

1. d4 d5 2. Nf3 Nc6 3. Bf4 Bg4 4. e3 f6 5. Be2 g5 6. Bg3 Nh6 7. h3 Bxf3 8. Bxf3 Nf5 9. Bh5+ Kd7 10. Bg4 e6 11. Bxf5 exf5 12. 0-0 Qe7 13. c3 Rd8 14. Qb3 Kc8 15. Na3 Qe4 16. Nc2 f4 17. exf4 gxf4 18. Rfe1 Qf5 19. Bh2 f3 20. Ne3 Qg6 21. Bg3 Bd6 22. Bxd6 Rxd6 23. g3 Ne7 24. Ng2 Nf5 25. Nf4 Qg5 26. Kh2 c6 27. Qd1 Kd7 28. Qxf3 Ng7 29. h4 Qh6 30. b4 Re8 31. a4 Rxe1 32. Rxe1 Nf5 33. b5 b6 34. bxc6+ Kxc6 35. c4 Nxd4 36. cxd5+ Kd7 37. Qe4 Qf8 38. Qxd4 Qc8 39. Qd3 Qg8 40. Qa6 Qb8 41. Qb5+ Kd8 42. Qe8+ Kc7 43. Re7+ 1-0

[Event "IECC M-5473"]
[Site "IECC email"]
[Date "2006.04.25"]
[Round "?"]
[White "Robertson, John"]
[Black "Richards, Stephen"]
[Result "0-1"]
[WhiteElo "924"]
[BlackElo "1162"]
[PlyCount "44"]
[EventDate "2006.??.??"]
[EventType "tourn (corr)"]
[EventRounds "10"]
[SourceTitle "Corr 2020"]
[Source "ChessBase"]
[SourceDate "2019.09.30"]
[SourceVersion "1"]
[SourceVersionDate "2019.09.30"]
[SourceQuality "1"]
[WhiteTeam "Australia"]
[BlackTeam "Australia"]
[WhiteTeamCountry "AUS"]
[BlackTeamCountry "AUS"]

1. e3 e5 2. d4 exd4 3. Qxd4 Nc6 4. Qd1 Nf6 5. Bd3 Bc5 6. c3 0-0 7. Nf3 b6 8. 0-0 Bb7 9. b4 Be7 10. Re1 d6 11. Bd2 Ne5 12. Be2 Nxf3+ 13. Bxf3 Ne4 14. c4 d5 15. Bxe4 dxe4 16. Qg4 Qd3 17. Rc1 f5 18. Qf4 Rad8 19. Qxc7 Rd7 20. Qf4 Bf6 21. g3 Bxa1 22. Rc2 Qxc2 0-1

[Event "IECC M-5121"]
[Site "IECC email"]
[Date "2004.09.17"]
[Round "?"]
[White "Ravijts, Peter"]
[Black "Richards, Stephen"]
[Result "1-0"]
[WhiteElo "1200"]
[BlackElo "1076"]
[PlyCount "91"]
[EventDate "2004.??.??"]
[EventType "tourn (corr)"]
[EventRounds "10"]
[SourceTitle "Corr 2020"]
[Source "ChessBase"]
[SourceDate "2019.09.30"]
[SourceVersion "1"]
[SourceVersionDate "2019.09.30"]
[SourceQuality "1"]
[WhiteTeam "Belgium"]
[BlackTeam "Australia"]
[WhiteTeamCountry "BEL"]
[BlackTeamCountry "AUS"]

1. e4 c5 2. Nf3 Nc6 3. g3 g6 4. Bg2 Bg7 5. 0-0 e5 6. c3 Nge7 7. d3 0-0 8. Be3 d6 9. Nfd2 d5 10. exd5 Nxd5 11. Bxc5 Re8 12. Nc4 b6 13. Ba3 Bb7 14. Nd6 Re7 15. Bxd5 Na5 16. Nxb7 Rxb7 17. Bxb7 Nxb7 18. f4 exf4 19. Rxf4 Qd7 20. Re4 Nd6 21. Bxd6 Qxd6 22. d4 Qd5 23. Nd2 f5 24. Re2 Bh6 25. Qa4 Bg5 26. Rae1 Kg7 27. Qc4 Qxc4 28. Nxc4 Rf8 29. Ne5 Kh6 30. h4 Bd8 31. Nc6 Bf6 32. Nxa7 Ra8 33. Nc6 Rxa2 34. d5 Ra4 35. Re6 Rg4 36. Rxf6 Rxg3+ 37. Kf2 Rd3 38. Nd4 Rd2+ 39. Re2 Rxe2+ 40. Nxe2 b5 41. d6 b4 42. d7 bxc3 43. bxc3 Kh5 44. d8Q Kg4 45. Qd4+ Kh5 46. Qf4 1-0

[Event "IECC M-5121"]
[Site "IECC email"]
[Date "2004.09.17"]
[Round "?"]
[White "Richards, Stephen"]
[Black "Ravijts, Peter"]
[Result "1-0"]
[WhiteElo "1066"]
[BlackElo "1210"]
[PlyCount "97"]
[EventDate "2004.??.??"]
[EventType "tourn (corr)"]
[EventRounds "10"]
[SourceTitle "Corr 2020"]
[Source "ChessBase"]
[SourceDate "2019.09.30"]
[SourceVersion "1"]
[SourceVersionDate "2019.09.30"]
[SourceQuality "1"]
[WhiteTeam "Australia"]
[BlackTeam "Belgium"]
[WhiteTeamCountry "AUS"]
[BlackTeamCountry "BEL"]

1. e4 e6 2. d4 d5 3. Nd2 c5 4. Ngf3 cxd4 5. e5 Nc6 6. Nb3 Bb4+ 7. Bd2 Qb6 8. Bd3 Nge7 9. 0-0 Bd7 10. Bf4 Ng6 11. Bg3 0-0 12. Bxg6 fxg6 13. Nbxd4 Nxd4 14. Qxd4 Qxd4 15. Nxd4 Bc5 16. Rfd1 Rac8 17. Rac1 g5 18. f3 Bb5 19. Bf2 Bxd4 20. Bxd4 b6 21. h3 h5 22. Kf2 g4 23. hxg4 hxg4 24. Ke3 gxf3 25. gxf3 Rf5 26. Rh1 Rcf8 27. Rh3 Rg5 28. Rch1 Rg2 29. R3h2 Rxh2 30. Rxh2 Rf5 31. b3 Ba6 32. a4 g5 33. Rh6 Kf7 34. Rh7+ Ke8 35. Rxa7 Bf1 36. Bxb6 Bg2 37. a5 Rxf3+ 38. Kd2 Rf4 39. Bc5 Kd8 40. Be3 Rg4 41. Bb6+ Ke8 42. a6 d4 43. Rh7 Re4 44. a7 Rxe5 45. a8Q+ Bxa8 46. Rh8+ Kd7 47. Rxa8 Rd5 48. Rg8 Kc6 49. Bd8 1-0